Một số qui định pháp luật về chăm sóc, bảo vệ sức khỏe nhân dân
Gespeichert in:
| Format: | Buch |
|---|---|
| Sprache: | Undetermined |
| Veröffentlicht: |
Hà Nội
Chính Trị Quốc Gia
2001
|
| Schlagworte: | |
| Tags: |
Tag hinzufügen
Keine Tags, Fügen Sie den ersten Tag hinzu!
|
| Thư viện lưu trữ: | Trung tâm Học liệu Trường Đại học Cần Thơ |
|---|
| LEADER | 00505nam a2200145Ia 4500 | ||
|---|---|---|---|
| 001 | CTU_46575 | ||
| 008 | 210402s9999 xx 000 0 und d | ||
| 082 | |a 353.6 | ||
| 082 | |b M458 | ||
| 245 | 0 | |a Một số qui định pháp luật về chăm sóc, bảo vệ sức khỏe nhân dân | |
| 260 | |a Hà Nội | ||
| 260 | |b Chính Trị Quốc Gia | ||
| 260 | |c 2001 | ||
| 650 | |a Public health administration,Public health laws | ||
| 980 | |a Trung tâm Học liệu Trường Đại học Cần Thơ | ||